| Поле | Инд. | ПП | Название | Значение |
|---|---|---|---|---|
| Тип записи | a | |||
| Библиографический уровень | m | |||
| 001 | Контрольный номер | 384fa73e0ddc4ffd86ba290b03613e86 | ||
| 005 | Дата корректировки | 20161118154301.6 | ||
| 008 | Кодируемые данные | 080506 | ||
| 020 | c | Цена, тираж | 50.00 | |
| 040 | a | Служба первич. каталог. | НБ ТвГУ | |
| 041 | a | Код языка текста | rus | |
| 080 | a | Индекс УДК | 783:781.24 | |
| 084 | a | Индекс другой классификации/Индекс ББК | Щ310.5г(2Рос)3 | |
| a | Индекс другой классификации/Индекс ББК | Щ905 | ||
| a | Индекс другой классификации/Индекс ББК | Щ99 | ||
| 090 | x | Авторский знак | К17 | |
| a | Полочн. индекс | Щ310.5 | ||
| 100 | 1_ | a | Автор | Калашников Лазарь Филиппович |
| 245 | 00 | a | Заглавие | Азбука церковного знаменного пения |
| c | Ответственность | Л. Ф. Калашников | ||
| 245 | 00 | a | Заглавие | Азбука церковнаго знаменнаго пения |
| 250 | a | Основные сведения об издании | Репринт. воспроизведение изд. 1915 г. | |
| 260 | 1_ | a | Место издания | Москва |
| b | Издательство | б. и. | ||
| c | Дата издания | [200-?] | ||
| 300 | a | Объем | 38, [2] с. | |
| b | Иллюстрации/ тип воспроизводства | табл. | ||
| 500 | a | Примечание | Вых. дан. ориг.: М. : Тип. "Русская Печатня", 1915. | |
| 583 | a | Действие | Получение впервые 122 13.05.2008 | |
| k | Исполнитель действия | Дар Ржевской Покровской старообрядческой общины | ||
| 650 | a | Основная рубрика | Музыкально-теоретические дисциплины | |
| x | Основная подрубрика | История | ||
| z | Географическая подрубрика | Древняя Русь | ||
| 650 | a | Основная рубрика | Музыкальные азбуки древнерусские | |
| x | Основная подрубрика | Крюковое пение | ||
| 650 | a | Основная рубрика | Церковная музыка | |
| x | Основная подрубрика | Знаменный распев | ||
| 650 | a | Основная рубрика | Церковное пение знаменное | |
| 653 | a | Ключевые слова | Музыкально-теоретические дисциплины | |
| a | Ключевые слова | История музыкально-теоретических систем | ||
| a | Ключевые слова | Музыкальные азбуки | ||
| a | Ключевые слова | Древнерусские музыкальные азбуки | ||
| a | Ключевые слова | Древнерусская церковная музыка | ||
| a | Ключевые слова | Церковная музыка | ||
| a | Ключевые слова | Крюковое пение | ||
| a | Ключевые слова | Знаменный распев | ||
| a | Ключевые слова | Церковное знаменное пение | ||
| a | Ключевые слова | Знаменное пение | ||
| a | Ключевые слова | Азбуки знаменного пения | ||
| 852 | t | Порядковый номер экземпляра | 1 | |
| p | Инвентарный номер | 908629 | ||
| 888 | a | Бесплатные | ||
| 952 | p | 122.2008 50.00 1 908629 | ||
| c | Вид литературы | К рн | ||
| 954 | a | Дата поступления на обработку | 20080515 | |
| 999 | a | Подразделение 2 | ОРК |